| 000 | 00759nam a2200253Ia 4500 | ||
|---|---|---|---|
| 003 | OSt | ||
| 005 | 20220927111041.0 | ||
| 006 | a|||||r|||| 00| 0 | ||
| 007 | ta | ||
| 008 | 220926b |||||||| |||| 00| 0 eng d | ||
| 024 | _a96242 | ||
| 037 | _cReports | ||
| 040 |
_aRTL _cRTL _beng |
||
| 041 |
_2eng _aeng |
||
| 082 | _a"X9(J):77.2.N7, L2" | ||
| 110 |
_aGovernment of India. Planning commission. _9381131 |
||
| 245 | 0 | _aInterim report on integrated agricultural developm | |
| 260 |
_aDelhi _bMOP India _c1972 |
||
| 300 |
_a39p. _ccm. |
||
| 650 | _aAgriculture Industries-prices | ||
| 700 |
_aGovernment of India. Planning commission. _9381132 |
||
| 942 |
_h"X9(J):77.2.N7, L2" _cCC |
||
| 999 |
_c698522 _d698522 |
||